Medzinárodný hudobný festival SPACE 5. ročník, 10. novembra, 7. a 9. decembra 2007, Slovenská sekcia ISCM...

Bibliographic Details
Main Author: Bubnáš, Juraj (Author)
Format: Article
Language:Slovak
PhysicalDescription:Obr.
ISSN:1335-4140
Subjects:

MARC

LEADER 00000nab a2200000 a 4500
001 vtls009290961
003 SK-MaSNL
005 20260426084720.0
008 250506c2008 xo zr|p|||||||000 b|slo
015 |a SNBRB2008/04  |2 snkbucl 
035 |a (uuid)70b56c9a-25fe-4710-add4-d8eb6f707636 
035 |a urn:nbn:sk:snk-ab1x63 
035 |a (urnnbn)urn:nbn:sk:snk:ar-a015zi 
038 |a SNKBUCL 
040 |a SNKBUCL  |b slo  |c SNKBUCL  |e AACR2 
041 0 |a slo 
044 |a xo  |c SK 
080 |a 78.079:78"19"  |2 2001 
100 1 |a Bubnáš, Juraj  |4 aut  |9 560436 
245 1 0 |a Medzinárodný hudobný festival SPACE  |b 5. ročník, 10. novembra, 7. a 9. decembra 2007, Slovenská sekcia ISCM...  |c Juraj Bubnáš 
300 |b Obr. 
611 2 7 |a SPACE  |n (5. :  |d 2007 :  |c Bratislava, Slovensko)  |2 snkbucl  |9 1472606 
651 7 |a Bratislava (Slovensko)  |2 snkbucl  |9 14568 
773 0 |t Hudobný život  |g Roč. XL, č. 1-2 (2008), s. 22  |x 1335-4140 
850 |a Slovenská národná knižnica 
852 |a Slovenská národná knižnica 
954 |a odborná, vedecká literatúra pôvodná (slovenská)  |2 lita 
958 |a article27 
958 |a OND 
958 |a SK 
958 |a EUIPO 
999 |c 2942518  |d 2944448